<?xml version="1.0" encoding="UTF-8"?><?xml-stylesheet type="text/xsl" href="static/style.xsl"?><OAI-PMH xmlns="http://www.openarchives.org/OAI/2.0/" xmlns:xsi="http://www.w3.org/2001/XMLSchema-instance" xsi:schemaLocation="http://www.openarchives.org/OAI/2.0/ http://www.openarchives.org/OAI/2.0/OAI-PMH.xsd"><responseDate>2026-06-03T04:51:19Z</responseDate><request verb="GetRecord" identifier="oai:riuma.uma.es:10630/5633" metadataPrefix="marc">https://riuma.uma.es/rest/oai/request</request><GetRecord><record><header><identifier>oai:riuma.uma.es:10630/5633</identifier><datestamp>2026-02-03T10:59:19Z</datestamp><setSpec>com_10630_2254</setSpec><setSpec>col_10630_37953</setSpec></header><metadata><record xmlns="http://www.loc.gov/MARC21/slim" xmlns:dcterms="http://purl.org/dc/terms/" xmlns:doc="http://www.lyncode.com/xoai" xmlns:xsi="http://www.w3.org/2001/XMLSchema-instance" xsi:schemaLocation="http://www.loc.gov/MARC21/slim http://www.loc.gov/standards/marcxml/schema/MARC21slim.xsd">
   <leader>00925njm 22002777a 4500</leader>
   <datafield ind2=" " ind1=" " tag="042">
      <subfield code="a">dc</subfield>
   </datafield>
   <datafield ind2=" " ind1=" " tag="720">
      <subfield code="a">García-Nieto, José Manuel</subfield>
      <subfield code="e">author</subfield>
   </datafield>
   <datafield ind2=" " ind1=" " tag="720">
      <subfield code="a">Alba-Torres, Enrique</subfield>
      <subfield code="e">author</subfield>
   </datafield>
   <datafield ind2=" " ind1=" " tag="260">
      <subfield code="c">2013-07-17</subfield>
   </datafield>
   <datafield ind2=" " ind1=" " tag="520">
      <subfield code="a">Hoy en día, la mejora del tráfico vehicular supone una labor ineludible en nuestras ciudades a la hora de mitigar problemas como la excesiva emisión de gases contaminantes y el consumo no sostenible de carburantes. El concepto de Smart Mobility enmarca el conjunto de acciones, técnicas e infraestructuras encaminadas a la mejora de la movilidad y organización del tráfico en las ciudades. En este contexto, proponemos en este trabajo una estrategia de optimización basada en técnicas metaheurísticas de Inteligencia Colectiva para la programación de ciclos en los semáforos desplegados en grandes zonas metropolitanas. De esta forma, pretendemos mejorar el flujo del tráfico de los vehículos con el objetivo global de reducir las emisiones de gases contaminantes (CO2 y NOx) y el consumo de combustible en las áreas observadas. En este estudio seguimos el modelo de referencia en la Unión Europea para las emisiones de tráfico HBEFA y nos centramos en dos áreas urbanas localizadas en las ciudades de Málaga y Sevilla. Tras varias comparativas entre diferentes técnicas de optimización y con soluciones dadas por expertos en el dominio, comprobamos cómo nuestra propuesta es capaz de obtener reducciones significativas en términos de emisiones contaminantes y de consumo de carburante.</subfield>
   </datafield>
   <datafield ind1="8" ind2=" " tag="024">
      <subfield code="a">http://hdl.handle.net/10630/5633</subfield>
   </datafield>
   <datafield tag="653" ind2=" " ind1=" ">
      <subfield code="a">Tráfico urbano - Aspectos ambientales</subfield>
   </datafield>
   <datafield ind2="0" ind1="0" tag="245">
      <subfield code="a">Metaheurísticas para Smart Mobility: Reducción de Emisiones y Consumo de Carburantes en el Tráfico Urbano</subfield>
   </datafield>
</record>
</metadata></record></GetRecord></OAI-PMH>